[Event "Brno op"]
[Site "Brno"]
[Date "2015.08.26"]
[Round "5"]
[White "Krajicek, Filip"]
[Black "Markovic, Ivan1111"]
[Result "1/2-1/2"]
[WhiteElo "1663"]
[BlackElo "2157"]
[PlyCount "83"]
[EventDate "2015.08.23"]
[EventType "swiss"]
[EventRounds "9"]
[EventCountry "CZE"]
[SourceTitle "EXT 2016"]
[Source "ChessBase"]
[SourceDate "2015.10.08"]
[SourceVersion "1"]
[SourceVersionDate "2015.10.08"]
[SourceQuality "1"]

1. d4 g6 2. Nf3 Bg7 3. e3 d6 4. b3 Nf6 5. Bb2 c6 6. Bd3 0-0 7. 0-0 Qc7 8. c4 Nbd7 9. Qc2 c5 10. Nbd2 b6 11. d5 Ne5 12. Nxe5 dxe5 13. Qc3 Ne8 14. Qc2 f5 15. f3 Nd6 16. Bc3 Bd7 17. Qb2 Nf7 18. f4 Bf6 19. e4 exf4 20. Bxf6 exf6 21. exf5 Qe5 22. Qxe5 Nxe5 23. Bc2 g5 24. g3 fxg3 25. hxg3 Kg7 26. Ne4 h5 27. Rae1 Rae8 28. Kg2 Ng4 29. Bd1 Re5 30. Bxg4 hxg4 31. Nd6 Rd8 32. Rxe5 fxe5 33. f6+ Kg6 34. f7 Rf8 35. Rf2 Kg7 36. Kf1 Rh8 37. Ke2 Kf8 38. Rf6 Kg7 39. Rf2 Kf8 40. Rf6 Kg7 41. Rf2 Kf8 42. Rf6 1/2-1/2

[Event "CZE-chT U20 Extraliga Ost 1415"]
[Site "Czech Republic"]
[Date "2014.10.12"]
[Round "4.2"]
[White "Kanakova, Natalie"]
[Black "Krajicek, Filip"]
[Result "1-0"]
[WhiteElo "1945"]
[BlackElo "1508"]
[PlyCount "67"]
[EventDate "2014.10.11"]
[EventType "team-tourn"]
[EventRounds "11"]
[EventCountry "CZE"]
[SourceTitle "EXT 2021"]
[Source "ChessBase"]
[SourceDate "2020.10.23"]
[SourceVersion "1"]
[SourceVersionDate "2020.10.23"]
[SourceQuality "1"]
[WhiteTeam "Frydek Mistek (U20)"]
[BlackTeam "Brno Lokomotiva (U20) II"]
[WhiteTeamCountry "CZE"]
[BlackTeamCountry "CZE"]

1. e4 c5 2. Nf3 e6 3. d4 cxd4 4. Nxd4 a6 5. Nc3 Qc7 6. Bd3 b5 7. 0-0 Nf6 8. f4 d6 9. Qf3 Be7 10. Be3 Bb7 11. Rae1 Nbd7 12. a3 0-0 13. Qg3 Rac8 14. Nf3 Rfe8 15. Kh1 Nb6 16. e5 Nfd5 17. Bd4 f6 18. exf6 Bxf6 19. Qh3 h6 20. Bxf6 Nxf6 21. Rxe6 Bxf3 22. Rxf3 Nc4 23. Bg6 Rxe6 24. Qxe6+ Kh8 25. Ne4 Nxe4 26. Bxe4 Nxb2 27. Qg6 Kg8 28. Qh7+ Kf8 29. Bd5 Nc4 30. Qg8+ Ke7 31. Qxg7+ Ke8 32. Qg8+ Ke7 33. Qe6+ Kd8 34. Rg3 1-0

[Event "CZE-ch U16"]
[Site "Kouty nad Desnou"]
[Date "2014.03.11"]
[Round "4"]
[White "Stepan, Patrik"]
[Black "Krajicek, Filip"]
[Result "1-0"]
[WhiteElo "1758"]
[BlackElo "1671"]
[PlyCount "145"]
[EventDate "2014.03.08"]
[EventType "swiss"]
[EventRounds "9"]
[EventCountry "CZE"]
[SourceTitle "EXT 2015"]
[Source "ChessBase"]
[SourceDate "2014.11.20"]
[SourceVersion "1"]
[SourceVersionDate "2014.11.20"]
[SourceQuality "1"]

1. d4 Nf6 2. c4 g6 3. Nc3 Bg7 4. Nf3 0-0 5. g3 d6 6. Bg2 c5 7. dxc5 dxc5 8. Qxd8 Rxd8 9. Ne5 Nfd7 10. Nd3 Bxc3+ 11. bxc3 Na6 12. 0-0 f6 13. Be3 Rb8 14. Rfd1 b6 15. Rab1 Bb7 16. Bxb7 Rxb7 17. Nxc5 Naxc5 18. Bxc5 Kf7 19. Be3 Rc8 20. Rb4 Rbc7 21. f4 Nc5 22. Bxc5 Rxc5 23. Rd7 Ra5 24. a4 Ke6 25. Rd4 Rac5 26. Kf2 R8c6 27. Ke3 a5 28. Rb3 Rxc4 29. Rxc4 Rxc4 30. Rxb6+ Kd7 31. Kd3 Rxa4 32. c4 Ra2 33. Ra6 a4 34. g4 a3 35. h3 Ra1 36. Kd4 a2 37. Kc5 Kc7 38. Ra3 h5 39. Ra7+ Kb8 40. Ra3 Kc7 41. gxh5 gxh5 42. h4 Kb7 43. Rb3+ Kc7 44. Rb2 Kd7 45. Rd2+ Kc7 46. e3 Kb7 47. Kd5 Kc7 48. Ke6 Re1 49. Rxa2 Rxe3+ 50. Kd5 Kb7 51. Rg2 Rh3 52. Rg7 Rxh4 53. Rxe7+ Kc8 54. Ke4 Rh1 55. Kf5 Rf1 56. Re4 Kd7 57. Kxf6 h4 58. f5 h3 59. Rh4 Rh1 60. Kf7 h2 61. f6 Kc6 62. Rh5 Kb6 63. Rb5+ Kc6 64. Rh5 Kb6 65. Rb5+ Kc6 66. Rb2 Kd6 67. Re2 Kc5 68. Ke7 Kxc4 69. f7 Rf1 70. Rxh2 Re1+ 71. Kf8 Rg1 72. Rh5 Kd4 73. Ke7 1-0

[Event "CZE-ch U16"]
[Site "Kouty nad Desnou"]
[Date "2014.03.08"]
[Round "1"]
[White "Zeman, Radek"]
[Black "Krajicek, Filip"]
[Result "1-0"]
[WhiteElo "1902"]
[BlackElo "1671"]
[PlyCount "43"]
[EventDate "2014.03.08"]
[EventType "swiss"]
[EventRounds "9"]
[EventCountry "CZE"]
[SourceTitle "EXT 2015"]
[Source "ChessBase"]
[SourceDate "2014.11.20"]
[SourceVersion "1"]
[SourceVersionDate "2014.11.20"]
[SourceQuality "1"]

1. e4 c5 2. Nf3 e6 3. d4 cxd4 4. Nxd4 a6 5. Bd3 Qc7 6. 0-0 Nf6 7. c4 d6 8. Nc3 Nbd7 9. b3 Be7 10. Bb2 b6 11. Qe2 Bb7 12. Kh1 Rc8 13. Rac1 Qb8 14. f4 h5 15. f5 e5 16. Nc2 h4 17. Ne3 Qa8 18. Ncd5 Nxd5 19. cxd5 0-0 20. Ba3 Nc5 21. Bxc5 bxc5 22. f6 1-0